Catálogo público

Pesticides application : (Record no. 201521)

MARC details
000 -CABECERA
campo de control de longitud fija 00704nam a2200253Ia 4500
001 - NÚMERO DE CONTROL
campo de control Para_3012
003 - IDENTIFICADOR DEL NÚMERO DE CONTROL
campo de control CHAP
008 - DATOS DE LONGITUD FIJA--INFORMACIÓN GENERAL
campo de control de longitud fija 220125s1985 xx 000 0 und d
010 ## - NÚMERO DE CONTROL DE LA BIBLIOTECA DEL CONGRESO
Número de control de LC 201521
040 ## - FUENTE DE LA CATALOGACIÓN
Centro/agencia transcriptor CHAP
082 ## - NÚMERO DE LA CLASIFICACIÓN DECIMAL DEWEY
Número de clasificación PA 632.95 H37
100 ## - ENTRADA PRINCIPAL--NOMBRE DE PERSONA
Nombre de persona Haskell, Peter Thomas
9 (RLIN) 53030
245 ## - MENCIÓN DE TÍTULO
Título Pesticides application :
Resto del título principles and practice /
Mención de responsabilidad, etc. by Peter Thomas Haskell
260 ## - PUBLICACIÓN, DISTRIBUCIÓN, ETC.
Lugar de publicación, distribución, etc. Oxford :
Nombre del editor, distribuidor, etc. Clarendon
300 ## - DESCRIPCIÓN FÍSICA
Extensión 494 p.
650 ## - PUNTO DE ACCESO ADICIONAL DE MATERIA--TÉRMINO DE MATERIA
Término de materia o nombre geográfico como elemento de entrada Pesticidas
Subdivisión general Aplicación Pesticidas
-- Pruebas
9 (RLIN) 166444
901 ## - ELEMENTOS DE DATOS A LOCAL LDA (RLIN)
a PA 632.95 H37
902 ## - ELEMENTOS DE DATOS B LOCAL, LDB (RLIN)
a A
905 ## - ELEMENTOS DE DATOS E LOCAL, LDE (RLIN)
a 0000001985 OXFai 0000000000 00
910 ## - DATOS DE OPCIÓN DEL USUARIO (OCLC)
Datos de opción del usuario 1985
942 ## - ELEMENTOS DE PUNTO DE ACCESO ADICIONAL (KOHA)
Tipo de ítem Koha Parasitologia_
942 ## - ELEMENTOS DE PUNTO DE ACCESO ADICIONAL (KOHA)
Tipo de ítem Koha Parasitologia_
-- 1
Holdings
Estado de retiro Estado de pérdida Fuente del sistema de clasificación o colocación Estado dañado Restricciones de uso No para préstamo Código de colección Localización permanente Ubicación/localización actual Fecha de adquisición Número de inventario Total de préstamos Signatura topográfica completa Código de barras Fecha visto por última vez Número de copia Precio válido a partir de Tipo de ítem Koha Nota pública
    Dewey Decimal Classification   Préstamo 3 días   General Parasitologia Agricola Parasitologia Agricola 27/10/2005 (PA_615) (No. UACh 147036)   PA 632.95 H37 4102002795 25/01/2022 Ej.1 25/01/2022 Libro 3